[Event "Hamburg HSK Easter op"]
[Site "Hamburg"]
[Date "2025.04.18"]
[Round "2"]
[White "Pavlov, Dmitriy"]
[Black "Schwarzkopf, Joerg"]
[Result "1/2-1/2"]
[WhiteElo "1647"]
[BlackElo "1863"]
[PlyCount "87"]
[EventDate "2025.04.18"]
[EventType "swiss"]
[EventRounds "7"]
[EventCountry "GER"]
[SourceTitle "CB20_2025"]
[SourceDate "2025.05.14"]
[SourceVersion "1"]
[SourceVersionDate "2025.05.14"]
[SourceQuality "1"]

1. e4 d6 2. d4 Nf6 3. Nc3 e5 4. dxe5 dxe5 5. Qxd8+ Kxd8 6. Bg5 Be6 7. 0-0-0+ Kc8 8. Nf3 Nbd7 9. Bxf6 gxf6 10. Nd2 Rg8 11. Kb1 c6 12. f3 Kc7 13. g3 b5 14. a3 b4 15. axb4 Bxb4 16. Na2 Be7 17. Bc4 Rgb8 18. Bxe6 fxe6 19. Nc1 a5 20. c3 a4 21. Kc2 Nc5 22. Nc4 Nb3 23. Nxb3 axb3+ 24. Kd2 Ra4 25. Ne3 Ra2 26. Rb1 Rd8+ 27. Ke2 Ba3 28. Nc4 Bc5 29. Rhd1 Rb8 30. Kf1 Ra4 31. Nd2 Be3 32. Ke2 Bh6 33. Ra1 Rxa1 34. Rxa1 Bxd2 35. Kxd2 Kd6 36. c4 f5 37. exf5 exf5 38. Kc3 Kc5 39. Re1 Kd6 40. Ra1 Rb7 41. Rd1+ Kc5 42. Re1 Kd6 43. Rd1+ Kc5 44. Re1 1/2-1/2

[Event "Hamburg-chT Landesliga 1920"]
[Site "Hamburg"]
[Date "2019.10.20"]
[Round "2.8"]
[White "Schwarzkopf, Joerg"]
[Black "Knecht, Guntram"]
[Result "1/2-1/2"]
[WhiteElo "1868"]
[BlackElo "2009"]
[PlyCount "80"]
[EventDate "2019.09.29"]
[EventType "team-tourn"]
[EventRounds "9"]
[EventCountry "GER"]
[SourceTitle "EXT 2021"]
[Source "ChessBase"]
[SourceDate "2020.10.23"]
[SourceVersion "1"]
[SourceVersionDate "2020.10.23"]
[SourceQuality "1"]

1. e4 c5 2. c3 d5 3. exd5 Qxd5 4. d4 Nc6 5. Nf3 Nf6 6. Be3 cxd4 7. cxd4 e6 8. Nc3 Qd6 9. a3 Be7 10. Bc4 0-0 11. d5 exd5 12. Nxd5 Rd8 13. Nxe7+ Qxe7 14. Qe2 Bg4 15. 0-0 Ne5 16. Bg5 Bxf3 17. gxf3 Qc5 18. Bxf6 gxf6 19. Rac1 Qd4 20. Rfd1 Qh4 21. Bd5 Qh3 22. Bxb7 Kh8 23. Rxd8+ Rxd8 24. f4 Nd3 25. Rc8 Rxc8 26. Bxc8 Qxc8 27. Qxd3 Qc1+ 28. Kg2 Qxb2 29. Qd6 Kg7 30. Qc5 a6 31. Qb4 Qe2 32. Qd6 Kg6 33. Kg3 h5 34. h3 h4+ 35. Kxh4 Qxf2+ 36. Kg4 Qg2+ 37. Kh4 a5 38. Qd3+ f5 39. Qg3+ Qxg3+ 40. Kxg3 Kh5 1/2-1/2

[Event "Hamburg HSK Christmas op 4th"]
[Site "Hamburg"]
[Date "2018.12.28"]
[Round "3"]
[White "Meyer, Harald"]
[Black "Schwarzkopf, Joerg"]
[Result "0-1"]
[WhiteElo "1282"]
[BlackElo "1843"]
[PlyCount "38"]
[EventDate "2018.12.27"]
[EventType "swiss"]
[EventRounds "7"]
[EventCountry "GER"]
[SourceTitle "CBM 188 Extra"]
[Source "ChessBase"]
[SourceDate "2019.02.28"]
[SourceVersion "1"]
[SourceVersionDate "2019.02.28"]
[SourceQuality "1"]

1. d4 Nf6 2. Nf3 d6 3. c4 g6 4. Nc3 Bg7 5. e4 0-0 6. Bd3 c5 7. d5 e6 8. Qc2 exd5 9. cxd5 a6 10. h3 b5 11. Rb1 Re8 12. 0-0 Ra7 13. Bf4 Rae7 14. Rfe1 c4 15. Bf1 b4 16. Na4 Nxe4 17. Qxc4 a5 18. Nd4 Ba6 19. Qb3 Bxd4 0-1

[Event "Blankenese op 1st"]
[Site "Hamburg"]
[Date "2017.10.03"]
[Round "4.16"]
[White "Schwarzkopf, Joerg"]
[Black "Wobbe, Sven"]
[Result "1/2-1/2"]
[WhiteElo "1809"]
[BlackElo "2010"]
[PlyCount "45"]
[EventDate "2017.09.30"]
[EventType "swiss"]
[EventRounds "7"]
[EventCountry "GER"]
[SourceTitle "EXT 2020"]
[Source "ChessBase"]
[SourceDate "2019.10.17"]
[SourceVersion "1"]
[SourceVersionDate "2019.10.17"]
[SourceQuality "1"]

1. e4 c5 2. c3 Nf6 3. e5 Nd5 4. Bc4 Nb6 5. Bb3 e6 6. d4 cxd4 7. cxd4 d6 8. Nf3 Nc6 9. 0-0 dxe5 10. dxe5 Qxd1 11. Rxd1 Bd7 12. Nc3 Na5 13. Bc2 Rc8 14. Be4 Bc6 15. Be3 Nac4 16. Bxb6 Nxb6 17. Rac1 Be7 18. Bxc6+ Rxc6 19. Nd4 Rc8 20. f4 a6 21. Ne4 Rxc1 22. Rxc1 Kd7 23. Kf2 1/2-1/2

[Event "Hamburg CC Easter op 3rd"]
[Site "Hamburg"]
[Date "2017.04.15"]
[Round "3"]
[White "Schwarzkopf, Joerg"]
[Black "Wenzel, Birger"]
[Result "0-1"]
[WhiteElo "1814"]
[BlackElo "2086"]
[PlyCount "64"]
[EventDate "2017.04.14"]
[EventType "swiss"]
[EventRounds "7"]
[EventCountry "GER"]
[SourceTitle "EXT 2020"]
[Source "ChessBase"]
[SourceDate "2019.10.17"]
[SourceVersion "1"]
[SourceVersionDate "2019.10.17"]
[SourceQuality "1"]

1. e4 g6 2. d4 Bg7 3. f4 Nf6 4. e5 Ne4 5. Nc3 Nxc3 6. bxc3 d5 7. Bd3 0-0 8. g4 c5 9. Qf3 f6 10. Qg3 Nc6 11. Nf3 cxd4 12. cxd4 Nb4 13. h4 Nxd3+ 14. cxd3 Kf7 15. 0-0 f5 16. Ng5+ Kg8 17. h5 Qe8 18. hxg6 Qxg6 19. gxf5 Bxf5 20. Rf3 Rac8 21. Ba3 h6 22. Raf1 hxg5 23. Bxe7 g4 24. Re3 Rfe8 25. Bb4 Rc2 26. a3 Qh6 27. Rd1 Kf7 28. Rd2 Rc1+ 29. Kf2 Rh8 30. Ree2 Qh1 31. Rc2 Rxc2 32. Rxc2 Rh2+ 0-1

[Event "Harburg-chB 11th"]
[Site "Hamburg"]
[Date "2016.10.03"]
[Round "5"]
[White "Schwarzkopf, Joerg"]
[Black "Rudolph, Jens Erik"]
[Result "1-0"]
[WhiteElo "1815"]
[BlackElo "1946"]
[PlyCount "73"]
[EventDate "2016.10.01"]
[EventType "swiss"]
[EventRounds "5"]
[EventCountry "GER"]
[SourceTitle "EXT 2018"]
[Source "ChessBase"]
[SourceDate "2017.10.13"]
[SourceVersion "1"]
[SourceVersionDate "2017.10.13"]
[SourceQuality "1"]

1. Nf3 d6 2. e4 Nf6 3. Nc3 e5 4. d4 Nbd7 5. dxe5 dxe5 6. Bc4 Be7 7. Nd5 Nxe4 8. Qe2 Nd6 9. Bb3 e4 10. Ng5 c6 11. Nxe7 Qxe7 12. Bf4 0-0 13. 0-0-0 h6 14. Nf3 Ne8 15. Rhe1 Ndf6 16. Nd2 Bf5 17. f3 Nd5 18. Bg3 e3 19. Bxd5 exd2+ 20. Qxd2 Qc5 21. Bb3 a5 22. Bf2 Qb5 23. a4 Qa6 24. Bc5 Nf6 25. Bxf8 Rxf8 26. Re5 Bg6 27. Qxa5 Qxa5 28. Rxa5 Re8 29. g4 Re3 30. Rf1 Re2 31. h4 Nd7 32. h5 Bh7 33. Ra8+ Nf8 34. Kd1 Re7 35. Re1 Rd7+ 36. Kc1 g5 37. Ree8 1-0

[Event "Pinneberg-ch"]
[Site "Pinneberg"]
[Date "2016.09.22"]
[Round "4"]
[White "Schwarzkopf, Joerg"]
[Black "Grothkopp, Dietrich"]
[Result "1-0"]
[WhiteElo "1834"]
[BlackElo "1647"]
[PlyCount "37"]
[EventDate "2016.09.01"]
[EventType "swiss"]
[EventRounds "7"]
[EventCountry "GER"]
[SourceTitle "EXT 2018"]
[Source "ChessBase"]
[SourceDate "2017.10.13"]
[SourceVersion "1"]
[SourceVersionDate "2017.10.13"]
[SourceQuality "1"]

1. e4 c6 2. d4 d5 3. exd5 cxd5 4. c4 Nf6 5. Nc3 dxc4 6. Bxc4 a6 7. Qb3 e6 8. Nf3 b5 9. Be2 Nc6 10. 0-0 Be7 11. Rd1 Nd5 12. a3 0-0 13. Bd3 h6 14. Bb1 g5 15. Qc2 f5 16. Ba2 Nxc3 17. Qxc3 Qd6 18. d5 Bf6 19. Qxc6 1-0

[Event "Pinneberg-ch"]
[Site "Pinneberg"]
[Date "2016.09.01"]
[Round "1"]
[White "Schulz, Hans"]
[Black "Schwarzkopf, Joerg"]
[Result "1/2-1/2"]
[WhiteElo "1382"]
[BlackElo "1834"]
[PlyCount "76"]
[EventDate "2016.09.01"]
[EventType "swiss"]
[EventRounds "7"]
[EventCountry "GER"]
[SourceTitle "EXT 2018"]
[Source "ChessBase"]
[SourceDate "2017.10.13"]
[SourceVersion "1"]
[SourceVersionDate "2017.10.13"]
[SourceQuality "1"]

1. c4 e5 2. g3 Nc6 3. Bg2 f5 4. Nc3 Nf6 5. d3 Bb4 6. Bd2 d6 7. a3 Bxc3 8. Bxc3 0-0 9. b4 a6 10. e3 Qe8 11. Ne2 Rb8 12. b5 axb5 13. cxb5 Nd8 14. a4 Ne6 15. 0-0 Qh5 16. h3 Ng5 17. h4 Nf3+ 18. Bxf3 Qxf3 19. Nc1 Qd5 20. Qb3 Be6 21. Qxd5 Nxd5 22. Ne2 f4 23. e4 Nxc3 24. Nxc3 Bh3 25. Rfc1 fxg3 26. fxg3 Rf3 27. Kh2 Be6 28. Nd5 Bxd5 29. exd5 Rxd3 30. Rxc7 Rxd5 31. Rac1 Rd2+ 32. Kh3 Ra2 33. Rd7 Rxa4 34. Rcc7 Rb4 35. Rxg7+ Kh8 36. Rxh7+ Kg8 37. Rhg7+ Kh8 38. Rh7+ Kg8 1/2-1/2